| 000 | 00851nas a2200289 4500 | ||
|---|---|---|---|
| 001 | BR9702194 | ||
| 003 | BR-BrBNA | ||
| 005 | 20231205100151.0 | ||
| 007 | ta | ||
| 008 | 230509b bl.|||p| |||| 00| 00por d | ||
| 040 |
_aBR-BrBNA _bpor _cBiblioteca Nacional de Agricultura |
||
| 041 | _a(Pt) | ||
| 072 | _aP33; P32; U10 | ||
| 100 | 1 | _aQueiroz, J.E. | |
| 100 | 1 | _aCruciani, D.E. | |
| 100 | 1 | _aLibardi, P.L. | |
| 245 | 1 | _aEstimativa da porosidade drenavel de um solo de varzea a partir da tensao da agua do solo | |
| 650 | _aSolo | ||
| 650 | _aPorosidade | ||
| 650 | _aDrenagem | ||
| 650 | _aAgua | ||
| 650 | _aModelo Matematico | ||
| 650 | _aLencol Freatico | ||
| 773 | 0 |
_tScientia Agricola (Brazil) _xISSN 0103-9016 _g(Sep-Dec 1995), v. 52(3) p. 469-475 _wBR9702194 |
|
| 909 |
_a202311 _bLúcia _c55 _dLúcia Elande |
||
| 942 |
_2AGRIS _n0 _cANA |
||
| 999 |
_c154582 _d154582 |
||